Normal view MARC view
  • Sehgal, Ashok &Sehgal Dr Deepak

Entry Personal Name

Number of records used in: 1

001 - CONTROL NUMBER

  • control field: 8637

003 - CONTROL NUMBER IDENTIFIER

  • control field: JRU

005 - DATE AND TIME OF LATEST TRANSACTION

  • control field: 20250521102126.0

008 - FIXED-LENGTH DATA ELEMENTS

  • fixed length control field: 250521|| aca||aabn | a|a d

040 ## - CATALOGING SOURCE

  • Original cataloging agency: JRU
  • Transcribing agency: JRU

100 ## - HEADING--PERSONAL NAME

  • Personal name: Sehgal, Ashok &Sehgal Dr Deepak

670 ## - SOURCE DATA FOUND

  • Source citation: Work cat.: (JRU)2170: Sehgal, Ashok &Sehgal Dr Deepak, FINANCIAL ACCOUNTING : PROBLEMS & SOLUTIONS [ 3RD.ED.]